| 000 | 00717nab a22001937a 4500 | ||
|---|---|---|---|
| 003 | BPK | ||
| 005 | 20160307122638.0 | ||
| 008 | 160307b1977 pl ||||| |||| 00| ||pol | ||
| 040 | _cBPK | ||
| 080 | _a632 | ||
| 100 |
_aBERLIŃSKI, Kazimierz. _d1975 - 1996. _bWyższa Szkoła Inżynierska w Koszalinie - Instytut Inżynierii Środowiska, _cZakład Biologii i Chemii Sanitarnej |
||
| 245 |
_aOcena działalności herbicydów na roślinę uprawną i chwasty / _cKazimierz Berliński, A. Krakowiak. |
||
| 260 | _c1977. | ||
| 500 | _aDane z kartoteki bpp. | ||
| 650 | _aHerbicydy. | ||
| 650 | _aRośliny uprawne. | ||
| 773 |
_iW : _tBiuletyn Instytutu Ochrony Roślin. - _g1977, nr 33 |
||
| 942 |
_cART _2UKD |
||
| 999 |
_c7483 _d7483 |
||